|
|
|
|
| LEADER |
01286nam a2200313 a 4500 |
| 001 |
c000132295 |
| 003 |
CARM |
| 005 |
00000000000000.0 |
| 008 |
931115s1993 gw b 00000 eng |
| 010 |
|
|
|a 94104381
|
| 019 |
1 |
|
|a 10622397
|5 LACONCORD2021
|
| 020 |
|
|
|a 3803904145
|
| 035 |
|
|
|a (OCoLC)30916296
|5 LACONCORD2021
|
| 043 |
|
|
|a cl-----
|
| 050 |
|
0 |
|a HC125
|b .Q45 1993
|
| 100 |
1 |
|
|a Queisser, Monika.
|
| 245 |
1 |
0 |
|a Adjustment and social development in Latin America during the 1980s :
|b education, health care, and social security /
|c by Monika Queisser, Osvald Larra~naga, Monica Panadeiros.
|
| 260 |
|
|
|a Munchen :
|b Weltforum,
|c c1993.
|
| 300 |
|
|
|a xi, 394 p. ;
|c 21 cm.
|
| 440 |
|
0 |
|a IFO-Studien zur Entwicklungsforschung ;
|v Nr. 25
|
| 504 |
|
|
|a Includes bibliographical references.
|
| 650 |
|
0 |
|a Structural adjustment (Economic policy)
|z Latin America.
|
| 651 |
|
0 |
|a Latin America
|x Economic conditions
|y 1982-
|
| 651 |
|
0 |
|a Latin America
|x Social conditions
|y 1982-
|
| 700 |
1 |
|
|a Larra~naga, Osvaldo.
|
| 700 |
1 |
|
|a Panadeiros, Monica.
|
| 852 |
8 |
|
|b CARM
|h A2:AE29F0
|i C00187
|p 0009392
|f BK
|
| 999 |
f |
f |
|i 3c640c9e-37c7-5814-9481-cdb3ea9840c4
|s c564f6b5-9375-56aa-8c60-cea8b65959c1
|
| 952 |
f |
f |
|p Can circulate
|a CAVAL
|b CAVAL
|c CAVAL
|d CARM 1 Store
|e C00187
|f A2:AE29F0
|h Other scheme
|i book
|m 0009392
|